Central Library OPAC University of Rajshahi

Insects and hygiene : (Record no. 13327)

MARC details
000 -LEADER
fixed length control field 00987nam a2200301 a 4500
001 - CONTROL NUMBER
control field 13327
003 - CONTROL NUMBER IDENTIFIER
rucl marc code BD- RjUL
005 - DATE AND TIME OF LATEST TRANSACTION
control field 20211208235434.0
008 - FIXED-LENGTH DATA ELEMENTS--GENERAL INFORMATION
fixed length control field 790801s1980 enka b 001 0 eng
035 ## - SYSTEM CONTROL NUMBER
System control number BD- RjUL 13378
040 ## - CATALOGING SOURCE
Original cataloging agency DLC
Transcribing agency DLC
Modifying agency NLM
-- BD-RjUL
Language of cataloging eng
041 ## - LANGUAGE CODE
Language code of text/sound track or separate title eng
060 0# - NATIONAL LIBRARY OF MEDICINE CALL NUMBER
Classification number QX 500
Item number B982i 1980
082 ## - DEWEY DECIMAL CLASSIFICATION NUMBER
Classification number 628.99
Author mark and year BUI 1966
100 1# - MAIN ENTRY--PERSONAL NAME
Personal name Busvine, James Ronald.
9 (RLIN) 41503
245 10 - TITLE STATEMENT
Title Insects and hygiene :
Remainder of title the biology and control of insect pests of medical and domestic importance /
Statement of responsibility, etc. James R. Busvine.
250 ## - EDITION STATEMENT
Edition statement 2nd. ed.
260 ## - PUBLICATION, DISTRIBUTION, ETC. (IMPRINT)
Place of publication, distribution, etc. London ;
-- New York :
Name of publisher, distributor, etc. Chapman and Hall,
Date of publication, distribution, etc. 1966.
300 ## - PHYSICAL DESCRIPTION
Pagination xi,467 p. :
Illustrations ill. ;
Size 25 cm.
504 ## - BIBLIOGRAPHY, ETC. NOTE
Bibliography, etc Bibliography: p. 546-560.
650 #0 - SUBJECT ADDED ENTRY--TOPICAL TERM
Topical term or geographic name as entry element Insects as carriers of disease.
9 (RLIN) 39133
Topical term or geographic name as entry element Beneficial insects.
9 (RLIN) 41504
Topical term or geographic name as entry element Household pests.
9 (RLIN) 41505
Topical term or geographic name as entry element Insect pests
General subdivision Control.
9 (RLIN) 38483
Topical term or geographic name as entry element Ectoparasitic infestations.
9 (RLIN) 41506
942 ## - ADDED ENTRY ELEMENTS (KOHA)
Source of classification or shelving scheme Dewey Decimal Classification
Koha item type Books
Holdings
Lost status Source of classification or shelving scheme Damaged status Not for loan Collection code Permanent Location Current Location Shelving location Date acquired Source of acquisition Cost, normal purchase price Total Checkouts Full call number Date last seen Copy number Koha item type Date checked out
  Dewey Decimal Classification   Not For Loan Non-fiction Central Library, University of Rajshahi Central Library, University of Rajshahi Reading Room 30/11/1967 Book View, Dacca 88.00   628.99 BUI 1966 30/01/2014 C-1 Books  
  Dewey Decimal Classification     Non-fiction Central Library, University of Rajshahi Central Library, University of Rajshahi   04/05/1968 Zeitlinger 100.00 1 628.99 BUI 1966 15/05/2024 C-2 Books 30/04/2024